00885cam a22002655a 450000500170000000800410001701000130005802000260007103500130009703500170011003700200012704000180014708200060016510000340017124500700020526000290027527000820030430000290038650000180041565000540043365000490048765000330053665000320056970000180060120090121125834.0080922s2007 enk j 000 f eng  aB-358902 a9788128614729c199.00 aB-358902 aB-333024-056 bBlueberry Books adplbEnglish  aN aJohns, W. E.q(William Earl), aBiggles: deadly snow /cby W.E. Johns; illustrated by Eric Loutte aMumbaibEuro Booksc2007 aDani Corporate Park, 158 Vidyanagari Marg, Kalina, SantacruzbMumbai e400098 a46p. :bill.c31cm.(pbk) agraphic novel aBiggles (Fictitious character)vJuvenile fiction. aAir pilotszGreat BritainvJuvenile fiction. aChildren's stories, English. aAdventure stories, English. aLoutte, Eric